00502nam a2200109Ia 4500008004100000100001600041245005800057260002200115300001200137520022400149650001900373220216s9999 xx 000 0 und d aBrend Klaus 0aEU going all-out for sustainable commodity production bRubber Asiac2013 a110-112 aThe EU, that has formulated the Global Charter on Sustainable Rubber(GCSNR), is making all possible efforts for the successful implementation of the project by holding cunsultationa with all stakeholders and governments aNatural rubber